01133 a2200193 45000010006000000050017000060080041000230030015000640400040000790800183001192450091003022500012003932640045004053000019004505050413004690410008008821000031008907000018009215536220260407155827.0260407a1974 arg spa dAR-UNSa-BCEJYS aAR-UNSa-BCEJYSbspacAR-UNSa-BCEJYS a338.1(8)xSituación económica. Ciclos. Desarrollo de la estructura económica en América del sur. Estados y regiones de América del sur. América latina. Iberoamérica10aDependencia y desarrollo en América Latinapensayo de interpretaciòn sociológica a3a. ed. 1aBuenos Aires :bSiglo XXI Editoresc1974 a166 p.c18 cm. a1. Introducción - 2. Análisis integrado del desarrollo - 3. Las situaciones fundamentales en el período de "Expansión hacia afuera" - 4. Desarrollo y camino social en el momento de transición - 5. Nacionalismo y populismo: fuerzas sociales y política desarrollista en la fase de consolidación del mercado interno - 6. La internacionalización del mercado: el nuevo carácter de la dependencia aspa1 aCardoso, Fernando Henrique1 aFaletto, Enzo